000 00521nam a22001697a 4500
020 _a9789382485568
082 _aH 891.430 7
_bFIR/S
245 _aSahitya ke ayine mein :
_badivasi vimarsh/
_cby Firoz Khan (ed.) and Shajuphtha Niyas (ed.)
260 _aAlighad:
_bVagmay Books,
_c2015.
300 _a190p.
650 _aLiterature Hindi Study
_947203
650 _aLiterature Hindi
_947204
650 _aLiterature
_947205
700 _aFiroz Khan (ed.)
_947206
700 _aShajuphtha Niyas (ed.)
_947207
942 _cBK
999 _c71770
_d71770